Nature and structure of Bhutanese economy / (Record no. 3119)

MARC details
000 -LEADER
fixed length control field 00453nam a2200169 4500
001 - CONTROL NUMBER
control field 3813
005 - DATE AND TIME OF LATEST TRANSACTION
control field 20181127172038.0
010 00 - LIBRARY OF CONGRESS CONTROL NUMBER
LC control number
020 00 - INTERNATIONAL STANDARD BOOK NUMBER
International Standard Book Number 9789993622901
090 00 - LOCALLY ASSIGNED LC-TYPE CALL NUMBER (OCLC); LOCAL CALL NUMBER (RLIN)
Classification number (OCLC) (R) ; Classification number, CALL (RLIN) (NR) 330.095498 M5921n 2009
100 00 - MAIN ENTRY--PERSONAL NAME
Personal name Mehta, Sanjeev.
245 00 - TITLE STATEMENT
Title Nature and structure of Bhutanese economy /
Remainder of title
Statement of responsibility, etc. Sanjeev Mehta..
Medium
250 00 - EDITION STATEMENT
Edition statement
260 00 - PUBLICATION, DISTRIBUTION, ETC.
Place of publication, distribution, etc. Thimphu :
Name of publisher, distributor, etc. KMT Publisher,
Date of publication, distribution, etc. 2009.
300 00 - PHYSICAL DESCRIPTION
Extent v, 134 p. ; 21 cm.
651 ## - SUBJECT ADDED ENTRY--GEOGRAPHIC NAME
Geographic name Bhutan
Form subdivision
General subdivision Economic conditions.
Chronological subdivision
Geographic subdivision
Source of heading or term
Holdings
Withdrawn status Lost status Source of classification or shelving scheme Damaged status Not for loan Collection code Home library Current library Shelving location Date acquired Serial Enumeration / chronology Inventory number Total Checkouts Total Renewals Full call number Barcode Date last seen Date last checked out Price effective from Koha item type
    Dewey Decimal Classification     Main TEST RTC Library RTC Library Main opac 24/09/2021 6487 11 10 330.0954 MEH 30006557 10/09/2023 05/08/2023 27/11/2018 Main
Royal Thimphu College || All Right Reserved